000 00298 a2200145 4500
001 154706
040 _cEscola São Tomás de Aquino
240 1 0 _aBrasil 500 anos
_lpor
245 1 0 _aBrasil 500 anos
300 _a48
362 0 _a1999
440 1 _aÁtica
697 _aHISTÓRIA
942 _cBK
999 _c154706
_d154706